Personnage aux cheveux bleus - Statistiques

Statistiques générales
  • Ce quiz a été pris 48 fois
  • Le résultat moyen est 7 sur 17
Answers on the Grid
Answers color-coded by a green-red scale on the quiz's grid according to % correct below.
Kuroko Tetsuya
Deidara
Arlong
Jason (Tokyo Ghoul)
Kenpachi Zaraki
Aomine Daiki
Himmel le brave
Konan (Naruto)
Makima
Grimmjow Jaggerjack
Yusuke Urameshi
Bulma
Kars
Nagisa Shiota
Bogosse masqué
Jellal Fernandez
Draken
Rem (ReZero)
Miwa Kasumi
Selim Bradley
Ekichi Onizuka
Vivi
Casca
Ban
Yami Sukehiro
Trunks
Baggy le Clown
Poséidon (Valkyrie Apocalypse)
Esdeath
Coyot Stark
Franky
Feitan
 
Statistiques - réponses
Réponse % Correct
Bulma
72%
Kuroko Tetsuya
67%
Franky
54%
Nagisa Shiota
51%
Grimmjow Jaggerjack
49%
Vivi
49%
Baggy le Clown
46%
Konan (Naruto)
44%
Rem (ReZero)
44%
Aomine Daiki
36%
Trunks
36%
Esdeath
31%
Jellal Fernandez
31%
Ban
28%
Bogosse masqué
26%
Himmel le brave
26%
Miwa Kasumi
18%
Aucun quiz correspondant
Distribution des résultats
% des personnes avec chaque résultat
Percentile par nombre de réponses
Votre historique - résultats
Vous n’avez pas pris ce quiz